000 00414nam a2200145Ia 4500
005 20260418123203.0
020 _a9789360746438
082 _29789360746438
_a621.042
_bCHA.N
100 _aChauhan, D S
_913357
245 _aNon-conventional energy resources /
_cChauhan, D S
260 _aNew Delhi :
_bNew Age International ,
_c2026.
300 _aix+225p
700 _aSrivastava, S K
_91941
942 _cGEN
_2ddc
999 _c758715
_d758715